000 00365cam a22001217a 4500
008 180718b1954 xxu||||| |||| 00| 0 eng d
082 _aA72x497 Ed97
100 _aEdwards, Lovett F.
245 _aIndroducing Yugoslavia
_cby Lovett F. Edwards
260 _aLondon
_bMethuen
_c1954
300 _a255p.
650 _aYugoslavia -Description and travel. [from old catalog]
999 _c413778
_d413778